| 000 | 01190nam2a2200241 4500 | ||
|---|---|---|---|
| 001 | RU\NLR\BIBL_A\012648644 | ||
| 005 | 20220119165703.0 | ||
| 010 |
_a978-5-346-04739-1 _bч. 2 _910000 |
||
| 021 |
_aRU _bКН-П-21-048740 _9КН-П-21-3842 |
||
| 035 | _a(NLR Aleph) 012648644 | ||
| 090 |
_a12719399 _c12719399 |
||
| 100 | _a20211123d2021 u y0rusy50 ca | ||
| 101 | 0 | _arus | |
| 102 | _aRU | ||
| 105 | _a j 000zy | ||
| 200 | 0 | _aЧ. 2 | |
| 210 | _d2021 | ||
| 215 |
_a294, [2] с. _cил., портр. |
||
| 461 | 0 |
_1001RU\NLR\BIBL_A\012648641 _12001#$aЛитература$e8 класс$eучебник для общеобразовательных организаций$eв трёх частях$fавтор-составитель: Г. И. Беленький$vЧ. 2 _912719391 _cМосква _d2021 _e19-е изд., испр. и доп. _fавтор-составитель: Г. И. Беленький _nМнемозина _o8 класс : учебник для общеобразовательных организаций : в трёх частях _tЛитература _y9785346047377 _vЧ. 2 |
|
| 942 | _cBOOK | ||
| 980 | _aNB | ||